[Event "USA Championship Women 2021"]
[Site "Saint Louis"]
[Date "2021.10.11"]
[Round "5.1"]
[White "Cervantes Landeiro, Thalia"]
[Black "Paikidze, Nazi"]
[Result "0-1"]
[WhiteElo "2175"]
[BlackElo "2374"]
[Annotator "TA"]
[PlyCount "74"]
[EventDate "2021.10.06"]
[EventCountry "USA"]
[SourceTitle "playchess.com"]
[Source "ChessBase"]
[SourceQuality "1"]

{[%evp 15,74,26,31,28,40,24,24,24,23,35,33,-55,-68,-64,-70,-63,-54,-74,0,0,4,0,0,0,18,10,5,23,11,39,67,69,64,72,104,100,112,19,34,0,0,0,-7,0,-4,-46,-35,-40,-37,-38,-31,-83,-58,-760,-759,-755,-754,-29991,-29992,-29998,-29999]} 1. d4 f5 2. c4 Nf6 3. g3 g6 4. Bg2 Bg7 5. Nh3 O-O 6. O-O d6 7. d5 {7.Nc3 is vanishing.} Na6 8. Nc3 Nc5 9. Be3 {A86: Dutch Defence: Leningrad System: Unusual lines and 5 Nh3.} e5 10. dxe6 Nxe6 11. Ng5 {White has an edge.} c6 12. Nxe6 Bxe6 {[#]} 13. Qb3 $146 (13. b3 $14) ({Predecessor:} 13. b3 Qa5 14. Rc1 Rad8 15. Qd2 Nh5 16. Bd4 Be5 17. e3 c5 18. Bxe5 dxe5 19. Qb2 {1-0 (36) Csonka,B (2412)-Grover,S (2491) Pune 2014}) 13... Qe7 $15 14. Rad1 Ng4 15. Bf4 Ne5 16. Qb4 Rfd8 (16... Nxc4 $17 {And now ...a5 would win.} 17. Bxd6 Nxd6 18. Qxd6 Qxd6 19. Rxd6 Kf7) 17. b3 $11 g5 18. Bd2 Rd7 19. Qa3 Rf8 20. Qc1 h6 21. f4 gxf4 22. Bxf4 Kh7 23. e4 Ng6 24. Be3 Qd8 25. Bh3 {[%cal Re4f5]} ({Much weaker is} 25. Bxa7 $6 Qa5 $11) 25... Rdf7 26. Qc2 (26. c5 $16) 26... Qe7 $1 27. Bf4 ({Reject} 27. Bxa7 f4 $15) 27... fxe4 28. Bxe6 Qxe6 29. Nxe4 d5 $1 {[%cal Rd5e4]} 30. Nc5 Qg4 {[%cal Rf7f4]} 31. Nd3 Bd4+ 32. Kh1 {White wants to play cxd5.} Re8 {Threatens to win with ...Re2.} 33. Rde1 {[#]} (33. Rd2 $15) 33... Rfe7 $1 $40 {[%cal Re7e2][%mdl 128] Black attacks.} 34. cxd5 $2 {[%mdl 8192] [#] This move loses the game for White.} (34. Rxe7+ $15 Rxe7 35. Ne1) 34... Re2 $1 $19 {[%cal Re2c2]} 35. Rxe2 Rxe2 36. Qd1 Qh5 {[%csl Gh5][%cal Re2h2][%mdl 64] Double Attack} 37. g4 Qxd5+ {Weighted Error Value: White=0.63/Black=0.07} 0-1

[Event "USA Championship Women 2021"]
[Site "Saint Louis"]
[Date "2021.10.11"]
[Round "5.2"]
[White "Lee, Megan"]
[Black "Foisor, Sabina-Francesca"]
[Result "0-1"]
[WhiteElo "2211"]
[BlackElo "2205"]
[Annotator "TA"]
[PlyCount "92"]
[EventDate "2021.10.06"]
[EventCountry "USA"]
[SourceTitle "playchess.com"]
[Source "ChessBase"]
[SourceQuality "1"]

{[%evp 23,92,13,10,-30,44,25,48,26,23,14,8,-60,-55,-57,-70,-98,-37,-45,-35,-31,-37,-52,-37,-45,-39,-129,-133,-127,-112,-145,-128,-153,-147,-155,-155,-160,-137,-165,-159,-151,-141,-243,-235,-243,-241,-226,-245,-352,-352,-367,-351,-463,-401,-412,-400,-445,-440,-665,-497,-536,-551,-539,-524,-865,-823,-1856,-1832,-1694,-1675,-29991,-29992]} 1. e4 e5 2. Nf3 Nc6 3. Bb5 a6 4. Ba4 Nf6 5. O-O Be7 6. Re1 b5 7. Bb3 O-O 8. c3 d6 9. h3 Bb7 10. d4 Re8 11. Nbd2 {[%cal Bb1d2,Bd2f1,Bf1e3][%mdl 32]} Bf8 12. Bc2 {12.a3 gains popularity.} g6 13. Nf1 {C92: Closed Ruy Lopez: 9...Be6, Karpov and Flohr-Zaitsev Variations.} Bg7 (13... exd4 $11 14. cxd4 Nb4) 14. d5 $14 {[#]} Na5 $146 ({Predecessor:} 14... Nb8 15. b3 c6 16. c4 cxd5 17. cxd5 Nbd7 18. Be3 Rc8 19. N1d2 Qc7 20. Rc1 Qa5 21. Bb1 Rxc1 22. Qxc1 Rc8 23. Qb2 Nh5 24. b4 Qd8 25. Nb3 Nb6 {½-½ (55) Mazur,S (2416)-Molnar,E (2240) Tornelo INT 2021}) 15. Ne3 {White is slightly better.} c6 16. b4 cxd5 17. exd5 (17. bxa5 $11 dxe4 18. Nd2) 17... Nc4 $15 18. Nxc4 bxc4 19. Ba4 Rf8 (19... Re7 $17 20. Bg5 a5) 20. Bg5 $1 Qc7 ({Don't play} 20... Bxd5 21. Bxf6 Bxf3 22. Bxd8 $14) 21. Bxf6 Bxf6 22. Nh2 Bg7 23. Qd2 f5 24. f3 {Black continues to play with concentration.} (24. Nf3 $15) 24... a5 $17 {[#] Threatens to win with ...axb4.} 25. a3 Ra7 {And now ...axb4 would win.} 26. b5 Raa8 {[%cal Ba7a8,Ba8c8,Bc8c5][%mdl 32]} 27. Kh1 Qb6 28. Nf1 Rac8 29. Rad1 Rc5 30. Qa2 Rfc8 ({Avoid the trap} 30... Bxd5 $2 {[#]} 31. Rxd5 $1 {[%mdl 512]} Rxd5 32. Qxc4 $18) ({Don't blunder} 30... Rxd5 $2 31. Qxc4 Bh6 32. Rxd5 $18) 31. Ne3 f4 32. Ng4 (32. Nf1 $17 {was called for.}) 32... Rxd5 $19 33. Rxd5 Bxd5 34. Qd2 Bf7 35. Rd1 (35. Qf2 $142 Qxf2 36. Nxf2) 35... h5 36. Nf2 d5 37. Rb1 Bf8 38. Re1 Re8 39. Ra1 Bc5 40. Nd1 (40. Rf1 $142) 40... d4 41. Qe2 d3 42. Qe4 {White hopes to continue with Nb2.} Qd6 {Hoping for ...Bd5.} 43. Qc6 e4 44. fxe4 Qxc6 45. bxc6 Rxe4 {( -> ...Re1+)} 46. Nb2 d2 {Weighted Error Value: White=0.74/Black=0.14} 0-1

[Event "USA Championship Women 2021"]
[Site "Saint Louis"]
[Date "2021.10.11"]
[Round "5.3"]
[White "Nemcova, Katerina"]
[Black "Sharevich, Anna"]
[Result "1/2-1/2"]
[WhiteElo "2331"]
[BlackElo "2276"]
[Annotator "TA"]
[PlyCount "147"]
[EventDate "2021.10.06"]
[EventCountry "USA"]
[SourceTitle "playchess.com"]
[Source "ChessBase"]
[SourceQuality "1"]

{[%evp 9,147,18,23,22,37,33,45,10,35,33,54,49,52,55,52,59,62,53,52,47,50,22,37,22,78,22,23,16,18,22,31,29,33,7,19,6,6,6,6,6,6,0,8,0,6,0,22,0,6,6,14,15,64,44,47,47,50,50,55,0,54,33,46,36,29,18,14,0,0,0,0,0,0,0,0,0,0,0,94,94,94,94,94,94,94,94,94,104,108,56,80,8,8,8,8,8,8,8,8,8,8,8,8,8,14,16,24,8,8,0,0,0,0,0,0,0,0,0,0,0,0,0,0,0,0,0,0,0,4,0,0,0,0,0,0,0,0,0,0,0]} 1. e4 c5 2. Nf3 e6 3. g3 Nc6 4. Bg2 d6 5. O-O Nf6 6. Re1 {B40: Sicilian: 2...e6, Unusual lines.} e5 7. c3 Be7 8. h3 {White is slightly better.} Bd7 9. d4 cxd4 10. cxd4 {[#]} Rc8 $146 ({Predecessor:} 10... Qc8 11. Kh2 h5 12. dxe5 dxe5 13. Nc3 Ng4+ 14. Kg1 Nf6 15. Nd5 Bd8 16. Ng5 h4 {1-0 (45) Rotstein,A (2515)-Lanka,Z (2469) Austria 2011}) 11. Nc3 O-O 12. Be3 a6 13. Rc1 b5 14. a3 Re8 15. Nd5 (15. Re2 {is interesting.} h6 16. Rd2 Bf8 17. Rdc2 Na5 18. Nd2) 15... exd4 16. Nxd4 Nxd4 (16... Nxd5 $11 {remains equal.} 17. exd5 Nxd4 18. Bxd4 (18. Qxd4 Bf6 $11) 18... Bg5 19. Rxc8 Qxc8) 17. Bxd4 (17. Nxe7+ $16 Qxe7 18. Qxd4 (18. Bxd4 Rxc1 19. Qxc1 d5 $16)) 17... Nxd5 $11 18. exd5 Rxc1 19. Qxc1 Bf8 20. Rxe8 Qxe8 21. h4 h6 22. Bc3 Qe2 23. Qf4 Qd1+ 24. Kh2 Qe2 25. Qd4 Bg4 26. Qf4 Bd7 27. Bd4 Qe1 28. Bc3 Qe2 29. Be4 Qg4 30. Qe3 f5 31. Bf3 Qc4 32. Kg2 Qc8 33. Bh5 Qc4 34. Bf3 (34. Qf3 {with more complications.} Be7 35. Bg6 Qg4 36. h5 Bd8 37. Qe3) 34... Qc8 $1 35. Bb4 Qe8 36. Qb6 g5 37. hxg5 hxg5 38. Bxd6 ({Don't blunder} 38. Qxa6 $2 g4 $19) 38... g4 39. Bd1 $36 {[%mdl 2048] And now Bxf8 would win. Black is under pressure.} Qe4+ {[%mdl 64] Double Attack} 40. Kh2 {Black must now prevent Bf4.} Qxd5 {[%mdl 64] Double Attack} 41. Bxf8 Kxf8 42. Qd8+ Kg7 43. Qg5+ Kf7 {[#]} (43... Kf8 $11 44. Bc2 Qe6) 44. Bxg4 $1 $16 {[%mdl 64] Pin} Qd4 45. Bh5+ Ke6 46. Qg6+ Ke7 47. Kg2 Qxb2 48. Qxa6 f4 49. gxf4 (49. Qa7 $16) 49... Qc3 {[#]} 50. Qg6 (50. f5 $1 $16) 50... Qh3+ $1 $11 51. Kg1 Qxa3 52. Qg5+ Kd6 53. Qe5+ (53. Qh6+ {looks sharper.} Kc7 54. f5 Bc6 55. Qg7+ Kb6 56. Qd4+) 53... Kc6 54. Bg6 {Strongly threatening Be4+.} Qd6 $1 {[%cal Rd6g6]} 55. Be4+ Kc7 $1 56. Kf1 Bh3+ 57. Ke1 {aiming for Qc3+.} Bd7 58. f3 b4 {The position is equal.} 59. Qa5+ (59. Kf2 {seems wilder.} Be6 60. Ke3 b3 61. Qa5+ Qb6+ 62. Qxb6+ Kxb6 63. f5) 59... Qb6 60. Qxb6+ Kxb6 {[%mdl 4096] Endgame KB-KB} 61. Kd2 Kc5 62. f5 Be8 63. f6 Kd6 64. Kc2 Ke6 65. Kb3 Kxf6 66. Kxb4 Ke5 67. Kc3 Kf4 68. Kd2 Bb5 69. Ke1 Bc4 70. Kf2 Bb5 71. Ke1 Bc4 72. Kf2 Bb5 73. Ke1 Bc4 74. Kf2 {Weighted Error Value: White=0.11/Black=0.09} 1/2-1/2

[Event "USA Championship Women 2021"]
[Site "Saint Louis"]
[Date "2021.10.11"]
[Round "5.4"]
[White "Tokhirjonova, Gulrukhbegim"]
[Black "Yip, Carissa"]
[Result "1-0"]
[WhiteElo "2322"]
[BlackElo "2402"]
[Annotator "TA"]
[PlyCount "109"]
[EventDate "2021.10.06"]
[EventCountry "USA"]
[SourceTitle "playchess.com"]
[Source "ChessBase"]
[SourceQuality "1"]

{[%evp 19,109,0,3,9,4,5,25,16,20,32,26,22,65,56,80,74,91,81,81,79,93,79,39,102,77,78,60,58,54,52,150,165,255,252,232,152,140,140,208,173,217,225,234,215,214,221,284,278,360,362,326,351,354,363,459,345,521,520,687,461,538,561,553,550,543,541,514,449,548,552,627,600,1197,1161,1280,1134,1037,859,1326,1316,1164,1621,1645,1652,1487,1402,1573,1401,1551,1439,29991,29986]} 1. d4 Nf6 2. c4 g6 3. Nc3 Bg7 4. g3 d5 5. cxd5 Nxd5 6. Bg2 Nb6 7. Nf3 Nc6 8. e3 O-O 9. O-O Re8 10. h3 e5 11. d5 {D76: Fianchetto Grünfeld: Main Line with 7...Nb6.} Na5 12. Qc2 Bd7 13. Rd1 {White has an edge.} Qc8 14. Kh2 c6 {[#]} 15. dxc6 $146 ({Predecessor:} 15. d6 Qb8 16. Ne4 Bf5 17. b3 c5 18. Ba3 Bxe4 19. Qxe4 f5 20. Qh4 Nd7 21. Ng5 h6 22. Bd5+ Kh8 23. Ne6 Nc6 24. Bxc6 bxc6 25. Nc7 e4 26. Bb2 Qb7 {1-0 (26) Badelka,O (2428)-Nikologorsky,M (2215) Moscow 2021}) 15... Bxc6 16. e4 Qe6 17. b4 {[%cal Bb2b4,Bb4b5][%mdl 32]} Nac4 {[#]} 18. a4 $1 {[%cal Ra4a5] Strongly threatening a5.} a5 19. b5 Bd7 20. Nd5 {Threatens to win with Ng5.} Rec8 21. Ng5 Qe8 22. Nxb6 Nxb6 23. Qd3 $36 {[%mdl 2048] White fights for an advantage.} Rd8 {[#] ...Bg4! is the strong threat.} 24. Qe3 Nc8 (24... Nc4 $14 25. Qb3 Be6) 25. Bb2 $16 Bh6 (25... h6 $142) 26. h4 $18 Bg7 27. Bf1 {And now Bc4 would win.} h6 28. Nf3 Qe6 (28... f6 $16 29. Bc4+ Kh7) 29. Ba3 Qe8 30. Bc4 Bg4 31. Bd5 Rd7 32. Bb3 Rd8 33. Kg2 Ne7 34. Rxd8 Rxd8 35. Nh2 Bc8 36. Rc1 Qd7 37. Nf3 Re8 (37... Kh7 $142 38. Bxf7 Nc6 39. Bxg6+ Kxg6) 38. Kg1 Rd8 39. Bc5 Rf8 40. Rd1 Qe8 41. Bb6 Bd7 42. Bxa5 Kh7 43. Bc3 Bg4 {If Black can now play ...f5 this consolidates a bit.} 44. Rc1 f6 45. Bb4 f5 46. Rc7 f4 47. gxf4 exf4 48. Qd3 Ng8 49. Bxf8 Qxf8 50. Ne5 Nf6 51. Nxg4 Nxg4 52. Qd7 Ne5 53. Qe7 Nf3+ 54. Kh1 {White wants to mate with Qxf8.} Qh8 55. Rxb7 {Weighted Error Value: White=0.14/Black=0.50} 1-0

[Event "USA Championship Women 2021"]
[Site "Saint Louis"]
[Date "2021.10.11"]
[Round "5.6"]
[White "Krush, Irina"]
[Black "Zatonskih, Anna"]
[Result "1-0"]
[WhiteElo "2429"]
[BlackElo "2422"]
[Annotator "TA"]
[PlyCount "71"]
[EventDate "2021.10.06"]
[EventCountry "USA"]
[SourceTitle "playchess.com"]
[Source "ChessBase"]
[SourceQuality "1"]

{[%evp 14,71,13,7,25,24,29,23,28,32,37,25,31,12,39,36,58,76,72,54,54,57,159,117,108,113,121,91,147,142,143,144,139,140,192,115,130,133,121,97,85,90,86,82,127,129,135,141,173,170,278,263,487,461,1108,1108,29985,29986,29986,29987]} 1. Nf3 d5 2. d4 Nf6 3. c4 e6 4. Nc3 c5 5. cxd5 cxd4 6. Qxd4 exd5 7. Bg5 Be7 8. e3 Nc6 {D50: Queen's Gambit Declined: Dutch-Peruvian Gambit.} 9. Qd3 Be6 10. Be2 {[#]} Qb6 $146 {Hoping for ...Ne4.White has an edge.} ({Predecessor:} 10... h6 11. Bh4 O-O 12. O-O Qb6 13. a3 Qb3 14. Nd2 Qb6 15. Nf3 Qb3 16. Nd2 Qb6 17. Nf3 Qb3 {½-½ (18) Zhao,X (2506)-Ju,W (2558) Teheran 2016}) 11. O-O Rd8 12. Nb5 O-O 13. h3 Rd7 14. Nbd4 Qxb2 15. Bxf6 gxf6 16. Rfb1 Qa3 17. Rb3 $40 {[%mdl 128] White mounts an attack.} Qa4 ({Black should play} 17... Qd6 $14) 18. Qb1 Nxd4 19. Nxd4 Rc7 20. Rxb7 Qd7 ({Black should try} 20... Rxb7 21. Qxb7 Qb4) 21. Rxc7 $16 Qxc7 22. Bd3 Bc5 23. Bxh7+ Kg7 (23... Kh8 $16 {might work better.}) 24. Bf5 (24. Nxe6+ $18 fxe6 25. Qg6+ Kh8 26. Rc1 $1) 24... Bxd4 25. exd4 Re8 26. Qc2 Qf4 {[#]} 27. Bxe6 Rxe6 {[%mdl 4096] Endgame KQR-KQR} 28. Rd1 Re4 29. Qd3 Qd6 30. Qd2 Qa6 31. Rb1 Re2 (31... Qc4 $142) 32. Qf4 $18 Qd3 $2 (32... f5 {is a better defense.} 33. Rb3 Re6) 33. Rb3 Qd1+ (33... Qa6 $142 34. Qg3+ Kf8) 34. Kh2 Re6 35. Rg3+ Kf8 36. Qb8+ {[%mdl 64] Double Attack.  Weighted Error Value: White=0.09/Black=0.62} 1-0

[Event "USA Championship Women 2021"]
[Site "Saint Louis"]
[Date "2021.10.12"]
[Round "6.1"]
[White "Eswaran, Ashritha"]
[Black "Lee, Megan"]
[Result "1-0"]
[WhiteElo "2244"]
[BlackElo "2211"]
[Annotator "TA"]
[PlyCount "51"]
[EventDate "2021.10.06"]
[EventCountry "USA"]
[SourceTitle "playchess.com"]
[Source "ChessBase"]
[SourceQuality "1"]

{[%evp 14,51,0,1,41,46,88,15,13,12,47,43,71,75,71,79,82,93,151,138,119,119,207,189,184,172,187,186,234,241,550,77,327,270,271,209,178,227,738,747]} 1. Nf3 d5 2. g3 g6 3. Bg2 Bg7 4. O-O e5 5. d3 Ne7 6. Nbd2 O-O 7. e4 c6 8. Re1 Qd6 {B10: Caro-Kann: 2 d3 and 2 c4.} 9. c3 f5 {[#]} 10. d4 $146 (10. exd5 $16 {Threatens to win with Nc4.} cxd5 11. c4) ({Predecessor:} 10. b3 fxe4 11. dxe4 Bg4 12. exd5 cxd5 13. Nc4 Qc7 14. Ne3 Bxf3 15. Bxf3 Rxf3 16. Qxf3 {0-1 (47) Kuporosov,V (2448)-Potapov,A (2329) Zvenigorod 2008}) 10... fxe4 $11 {The position is equal.} 11. Nxe5 Bxe5 12. dxe5 Qxe5 13. f3 {[%cal Rf3e4]} Qf6 14. Kh1 exf3 15. Nxf3 {Hoping for Bg5.} Nf5 (15... Bg4 $142) 16. Bg5 {[%mdl 1024] White has strong compensation.} Qg7 17. Qd2 h6 (17... h5 $16) 18. Bf4 $18 g5 19. Be5 Qg6 {[#]} 20. c4 $1 $36 {[%mdl 2048] White is in control.} Be6 21. g4 Ne7 (21... Ng7 22. Bxg7 Kxg7) 22. Qb4 $2 (22. Bc3 $18 {is the precise move to win.} Na6 23. Qd4) 22... c5 {Loses the game.} (22... Nd7 $16 {was necessary.}) 23. Qxc5 Nbc6 24. Nd4 Bxg4 {[#]} 25. Bd6 $1 {[%cal Rd6e7]} b6 $2 (25... Nxd4 26. Rxe7 Ne6 27. Qxd5 Rae8 28. Rxe8 (28. Qxb7 Rxe7 29. Bxe7 Rf7 $16) (28. Rxb7 Rf5 $16) (28. Be4 Qf6 $18) 28... Rxe8) 26. Nxc6 {Weighted Error Value: White=0.36/Black=0.55} 1-0

[Event "USA Championship Women 2021"]
[Site "Saint Louis"]
[Date "2021.10.12"]
[Round "6.2"]
[White "Zatonskih, Anna"]
[Black "Tokhirjonova, Gulrukhbegim"]
[Result "1-0"]
[WhiteElo "2422"]
[BlackElo "2322"]
[Annotator "TA"]
[PlyCount "93"]
[EventDate "2021.10.06"]
[EventCountry "USA"]
[SourceTitle "playchess.com"]
[Source "ChessBase"]
[SourceQuality "1"]

{[%evp 15,93,28,22,0,12,20,8,18,21,-53,70,77,82,67,81,71,77,70,149,75,111,101,137,139,146,106,152,154,220,206,235,225,252,236,262,259,266,250,260,229,325,312,307,319,387,349,397,359,440,295,300,297,276,279,285,0,265,0,272,248,292,284,355,224,384,365,685,355,389,381,866,443,778,647,2603,1338,29980,1179,29975,29976]} 1. d4 Nf6 2. c4 g6 3. Nc3 d5 4. cxd5 Nxd5 5. e4 Nxc3 6. bxc3 Bg7 7. Be3 c5 8. Nf3 Qa5 9. Nd2 {D85: Exchange Grünfeld: Unusual White 7th moves and lines with 7 Nf3.} cxd4 {[#] 9...Nd7 is setting a new trend.} 10. Nc4 Qd8 ({Don't blunder} 10... Qxc3+ $2 11. Bd2 $18) 11. cxd4 {The position is equal.} O-O 12. Be2 {[#]} (12. Rc1 $11) 12... e6 $146 (12... Nc6 $15 13. e5 Qc7) ({Predecessor:} 12... b5 13. Ne5 Bb7 14. O-O Bxe4 15. Bxb5 a6 16. Be2 Nc6 17. Nxc6 Bxc6 18. Bf3 Bd5 {0-1 (46) Angun,B (2326)-Moussard,J (2635) Tornelo INT 2021}) 13. O-O $14 Nc6 {[%cal Rc6d4]} 14. e5 Qe7 15. Qc1 Nb4 16. Nd6 Bd7 {[#]} (16... Nd5 $14) 17. Nxb7 ({White should try} 17. Rb1 $1 {[%cal Rb1b4]} a5 18. a3) 17... Rfc8 18. Nc5 Bc6 19. Qd2 Nd5 20. Rac1 Rab8 21. Bg5 f6 (21... Qf8 $16 22. Rc2 h6) 22. Bh4 $18 g5 23. exf6 Bxf6 24. Bg3 Rb4 25. Nb3 Bb7 26. Rxc8+ Bxc8 27. Rc1 Bb7 (27... Bd7 $142 28. Bf3 a5) 28. Bc4 Rb6 29. Nc5 h6 30. Re1 Qf7 31. h3 Bc8 32. Bb3 Bg7 33. Rc1 Rc6 34. Ba4 Rb6 35. Bb3 Rc6 $1 36. Ba4 Rb6 37. Be5 Bxe5 38. dxe5 Qf4 39. Qe1 Ba6 $2 (39... Kh8 40. Qd1 Qf8) 40. Bb3 Bc8 (40... Bb7 41. Rd1 Kf7 42. Nxb7 Rxb7 43. Bxd5 exd5 44. e6+ Kf6 45. Rxd5 Rc7) 41. Rc4 Qf8 42. Qe4 Nf4 $2 (42... Kg7 43. Na4 Rb7) 43. Rc2 a5 (43... Qe8 $142 44. g3 Nd5 45. Nxe6 {[%mdl 64] Remove Defender} Bxe6 46. Bxd5 Bxd5 47. Qxd5+ Qf7 48. Qd8+ Qf8) 44. Qa8 {Hoping for Ne4.} Rb5 45. Ne4 {Nf6+ would kill now.} Ne2+ 46. Rxe2 (46. Kh1 $142 Bd7 47. Nf6+ {[%mdl 64] Double Attack} Kg7 48. Qe4 Rxe5 49. Nh5+ Kf7 50. Qh7+ Ke8 51. Rc7) 46... Rxe5 {[#]} 47. Nf6+ $1 {[%mdl 512] Weighted Error Value: White=0.58/Black=0.72} 1-0

[Event "USA Championship Women 2021"]
[Site "Saint Louis"]
[Date "2021.10.12"]
[Round "6.3"]
[White "Foisor, Sabina-Francesca"]
[Black "Krush, Irina"]
[Result "1/2-1/2"]
[WhiteElo "2205"]
[BlackElo "2429"]
[Annotator "TA"]
[PlyCount "102"]
[EventDate "2021.10.06"]
[EventCountry "USA"]
[SourceTitle "playchess.com"]
[Source "ChessBase"]
[SourceQuality "1"]

{[%evp 17,102,22,20,-1,20,16,27,20,35,21,48,56,54,54,55,48,55,47,53,55,55,47,48,47,66,48,51,54,79,82,85,81,85,60,67,74,83,75,76,64,66,59,84,92,80,80,91,79,91,79,79,79,63,58,64,64,79,0,62,0,0,0,0,0,0,0,0,0,0,0,0,0,0,0,0,0,0,0,0,0,0,0,0,0,0,0,0]} 1. d4 Nf6 2. Nf3 g6 3. c4 Bg7 4. g3 c5 5. Bg2 cxd4 6. Nxd4 Nc6 7. O-O O-O 8. Nc3 Qa5 9. Nc2 {9.e3 is the modern continuation.} d6 10. Rb1 {A38: Symmetrical English vs ...g6: 4 Bg2 Bg7 5 Nf3 Nf6.} Bd7 11. Qd2 {[#]} Rac8 $146 ({Predecessor:} 11... Rfc8 12. b3 Rab8 13. Rd1 a6 14. b4 Qh5 15. Nd5 Nxd5 16. cxd5 Ne5 17. Ne3 Ba4 18. Rf1 Nc4 19. Nxc4 Rxc4 20. Bf3 Qf5 21. Rb3 Bxb3 22. axb3 Rc7 23. b5 {0-1 (23) Fernandez,C-Jansa,V Havana 1967}) 12. b3 {White has an edge.} Qh5 13. Qg5 Bf5 14. e4 Bd7 15. Qxh5 Nxh5 16. Bb2 Nf6 17. Rfd1 Rfd8 18. h3 Ne8 19. Nd5 Bxb2 20. Rxb2 e6 21. Nc3 e5 22. Ne3 Be6 23. f4 f6 24. f5 Bf7 25. Rbd2 a6 26. Kf2 g5 27. Bf1 h5 28. Be2 Nd4 29. Nc2 (29. Bd3 {is more complex.} Kf8 30. Ne2 Nc6 31. h4 gxh4 32. gxh4 Nc7 33. Nc3) 29... Nxc2 30. Rxc2 Kf8 31. Rdc1 Ng7 32. a4 a5 33. Ke3 b6 34. Rd2 Ke7 35. Rcd1 Rc6 36. Nb5 Ne8 37. Nc3 (37. Kf2 $16) 37... Nc7 ({Black should play} 37... Ng7 $11) 38. Nd5+ ({White should try} 38. Bf3 $14) 38... Nxd5+ $11 {The position is equal.} 39. exd5 Rcc8 40. Rb1 Kd7 41. Ke4 Kc7 42. Bd1 Rh8 43. Rdb2 h4 44. g4 Ra8 45. Be2 Rhb8 46. Rc1 Be8 47. Bd3 Bd7 48. Rf2 Be8 49. Rb2 Bd7 50. Rf2 Be8 51. Rb2 Bd7 {Weighted Error Value: White=0.07/Black=0.07} 1/2-1/2

[Event "USA Championship Women 2021"]
[Site "Saint Louis"]
[Date "2021.10.12"]
[Round "6.4"]
[White "Nemcova, Katerina"]
[Black "Cervantes Landeiro, Thalia"]
[Result "1/2-1/2"]
[WhiteElo "2331"]
[BlackElo "2175"]
[Annotator "TA"]
[PlyCount "108"]
[EventDate "2021.10.06"]
[EventCountry "USA"]
[SourceTitle "playchess.com"]
[Source "ChessBase"]
[SourceQuality "1"]

{[%evp 17,108,0,0,0,0,-10,0,0,24,21,22,6,36,10,13,0,1,0,16,-39,-32,-42,0,0,0,0,-1,0,0,0,0,0,0,0,0,-9,-5,-8,0,0,8,0,0,0,46,-9,0,0,0,0,0,-14,0,0,0,-4,-2,-2,-2,-2,-2,-9,-2,-2,-9,-9,0,-9,0,0,0,-15,-15,-15,-15,-15,0,0,0,0,0,0,0,0,0,0,0,0,0,0,0,0,0]} 1. e4 e5 2. Nf3 Nc6 3. Bc4 Bc5 4. c3 Nf6 5. d4 exd4 6. e5 d5 7. Bb5 Ne4 8. cxd4 Bb6 9. Nc3 O-O 10. Be3 {C54: Giuoco Piano: 4 c3 Nf6, main lines with 5 d4 and 5 d3.} Bg4 11. h3 Bh5 12. Qc2 Bg6 {[#] Strongly threatening ...Nxc3. 12...Nxc3 might become the main line.} 13. Qb3 Ba5 14. O-O Bxc3 15. bxc3 (15. Bxc6 $5 Bxb2 16. Bxb7 Bxa1 17. Bxa8 Bxd4 18. Bxd5 Bxe3 19. fxe3 $11) 15... Na5 {[#]} 16. Qb4 $146 ({Predecessor:} 16. Qb2 c6 17. Be2 b5 18. Bf4 Nc4 19. Bxc4 bxc4 20. Qa3 Re8 21. Rab1 Qe7 22. Qa5 {1-0 (52) Antolak,J (2309)-Aliavdin,N (2324) Lazy 2021}) 16... c6 17. Be2 b5 {[#]} 18. a4 (18. Nh4 $1 $11) 18... Nc4 $15 19. axb5 cxb5 (19... a5 $5 {[%cal Ra5b4]} 20. Qb3 (20. bxa6 Rb8 $17) 20... a4 $15) 20. Bxc4 ({Wrong is} 20. Qxb5 $2 Nxc3 21. Bxc4 Nxb5 $19) 20... bxc4 21. Ra3 a5 22. Qa4 Qe7 23. Rfa1 Rfb8 24. Qc6 Qe6 25. Qxe6 fxe6 26. Ng5 Nxg5 27. Bxg5 Rb5 28. Be7 Bc2 29. R3a2 Bb3 {Threatens to win with ...Kf7.} 30. Rb2 Rab8 31. Rab1 (31. Bd6 $14 R8b7 32. f3) 31... Kf7 {The position is equal.} 32. Bd6 R8b7 33. Kf1 Ke8 34. Ke1 Kd7 35. Kd2 Kc6 36. Ke3 Bc2 37. Rxb5 Rxb5 38. Rxb5 Kxb5 $11 {[%mdl 4096] Endgame KB-KB} 39. Kd2 Bd3 40. h4 Ka4 {White must now prevent ...Kb3.} 41. Bc7 $1 Kb5 42. Ke3 a4 {Hoping for ...a3.} 43. Bd6 Kc6 44. h5 Kd7 45. Kf4 Ke8 46. Kg5 Kf7 47. h6 Bf1 48. g3 Be2 49. Ba3 Bd3 50. f4 g6 51. Kh4 Bf5 52. Kg5 Bd3 53. Kh4 Bf5 54. Kg5 Bd3 {Weighted Error Value: White=0.08/Black=0.05} 1/2-1/2